Fruit and Vege Quiz - Statistics

General Stats
  • This quiz has been taken 36 times
  • The average score is 9 of 15
Answer Stats
Picture Answer % Correct
Apple
100%
Banana
100%
Cucumber
100%
Potato
100%
Watermelon
100%
Star fruit
87%
Eggplant
74%
Grapefruit
74%
Dragon fruit
65%
Fig
55%
Fennel
42%
Durian
29%
Pomegrante
10%
Kaffir lime
6%
Taro
0%
No matching quizzes found
Score Distribution
Percent of People with Each Score
Percentile by Number Answered
Your Score History
You have not taken this quiz